| 000 | 03781nam a22003857a 4500 | ||
|---|---|---|---|
| 005 | 20100802144453.0 | ||
| 010 | _aHIN-89943 B-429451-461 | ||
| 020 |
_a9788179320235 _c600.00 |
||
| 035 | _aHN-62289 | ||
| 035 | _aB-429451-461 | ||
| 037 | _bDBAD/PUB | ||
| 037 | _bआर.बी.सी./ | ||
| 082 | _a954.04 | ||
| 100 |
_aशाहिद अहमद _927373 |
||
| 245 |
_aपेशवाओं का इतिहास / _cशाहिद अहमद |
||
| 246 |
_aPeshwaon Ka Itihas _bby Shahid Ahmed |
||
| 260 |
_aजयपुर _bग्रन्थ विकास _c2010 |
||
| 270 |
_aसी-37, राजापार्क, आदर्श नगर _bजयपुर _e4 |
||
| 300 |
_a438पृ. _c22सेमी. (सजिल्द) |
||
| 700 | _93937 | ||
| 942 |
_2ddc _cHN _h954.04 _mशाहिद |
||
| 999 |
_c38700 _d38700 |
||